Meilleurs Buteur Ligue des Champions 22/23 - Statistiques

Statistiques générales
  • Ce quiz a été pris 82 fois
  • Le résultat moyen est 8 sur 15
Statistiques - réponses
But Club Joueur % Correct
12 Manchester City Haaland
100%
7 Paris Saint-Germain Mbappe
100%
8 Liverpool Salah
100%
7 Real Madrid Vinicius Junior
95%
5 FC Barcelone Lewandowski
82%
5 Real Madrid Rodrygo
70%
5 AC Milan Giroud
63%
5 Naples Osimhen
57%
4 Bayern Munich Sané
54%
4 Borussia Dortmund Bellingham
28%
5 Porto Taremi
18%
4 Bayern Munich Choupo-Moting
11%
6 Benfica Lisbonne Joao Mario
9%
5 Benfica Lisbonne Rafael
7%
4 Ajax Amsterdam Kudus
4%
Aucun quiz correspondant
Distribution des résultats
% des personnes avec chaque résultat
Percentile par nombre de réponses
Votre historique - résultats
Vous n’avez pas pris ce quiz